TV Shows Cut Off at 'E' Quiz Stats

 Plays Quiz Updated Jan 7, 2019

Support Sporcle.
Go Orange.
Score 0/24 Timer 06:00
0 Plays Today
Cut Off At 'E' TV Show % Correct
CANDID CAMERA
95.7%
SCOOBY-DOO, WHERE ARE YOU!
95.3%
IT'S ALWAYS SUNNY IN PHILADELPHIA
95%
BUFFY THE VAMPIRE SLAYER
93.2%
CAR 54, WHERE ARE YOU?
92.6%
UGLY BETTY
92.6%
T.J. HOOKER
92.1%
WHAT NOT TO WEAR
91.8%
KING OF THE HILL
91.2%
HOLLYWOOD SQUARES
90.8%
HOW I MET YOUR MOTHER
90.1%
CURB YOURENTHUSIASM
89.7%
Cut Off At 'E' TV Show % Correct
ALLY MCBEAL
88.8%
PARKS AND RECREATION
88.6%
DRAGNET
88.6%
MIGHTY MORPHIN' POWER RANGERS
88.6%
16 AND PREGNANT
88.2%
FAMILY FEUD
88%
BOARDWALKEMPIRE
88%
WHAT'S HAPPENING!!
87.7%
HOGAN'S HEROES
85.9%
HIGHWAY TO HEAVEN
80.6%
DIFF'RENT STROKES
79.1%
FALCON CREST
78.1%

You're not logged in!

Compare scores with friends on all Sporcle quizzes.
OR
Log In
Forgot?

From the Vault

'Greek' Countries (Africa)

by Anne13

Wait a second, Greece is in Africa?
Remove Ads.
Support Sporcle.
Get the best of Sporcle when you Go Orange. This ad-free experience offers more features, more stats, and more fun while also helping to support Sporcle. Thank you for becoming a member.

Show Comments

Extras

Top Quizzes Today


Score Distribution

Your Account Isn't Verified!

In order to create a playlist on Sporcle, you need to verify the email address you used during registration. Go to your Sporcle Settings to finish the process.

Report this User

Report this user for behavior that violates our Community Guidelines.

Details: